000 00665nam a2200193 a 4500
001 000034805
005 20210409103434.0
008 111020s1955 ru 000 0 spa d
040 _aDO-SdBNP
_bspa
_cBNPHU
082 _axxxx
_bM392o
100 1 _aMarx, Carlos,
_d1818-1883
_95975
245 1 0 _aObras escogidas en dos tomos /
_cCarlos Marx, Federico Engels.
260 _aMuscú :
_bProgreso,
_c1955.
300 _a2 v. ;
_c21 cm.
504 _aIncluye referencias bibliográficas y notas al pie de las páginas.
590 _aPerteneció a la biblioteca personal de Juan Isidro Jimenes Grullón
700 2 _aEngels, Federico,
_d1820-1895
_960043
049 _aBNGR
999 _c34296
_d34296